000 00584nam a2200169 a 4500
001 000027069
005 20200930030601.0
008 110329s1969 dr 000 0 spa d
040 _aDO-SdBNP
_bspa
_cBNPHU
245 0 0 _aLecturas básicas para la historia patria /
_ccompilador Georgilio Mella Chavier.
260 _aSanto Domingo :
_bEdiciones de La Salle,
_c1969.
300 _a89 p. ;
_c22 cm.
500 _aIncluye referencias bibliográficas y notas al pie de las páginas
504 _aBibliografía: p. 88
700 1 _aMella Chavier, Georgilio
_ecomp.
_944631
049 _aBNPD
999 _c26561
_d26561